| 000 | 006460000a22002170004500 | ||
|---|---|---|---|
| 003 | LK-CoMWRAF | ||
| 005 | 20231109104509.0 | ||
| 008 | 230817t2005 ||||| |||| 00| 0 eng d | ||
| 020 | _a0749443510 | ||
| 040 |
_aLK-CoMWRAF _dLK-CoMWRAF _eLK-CoMWRAF |
||
| 041 | _aeng | ||
| 082 |
_a658.4036 _bCAM |
||
| 100 | _aCameron, Esther | ||
| 245 |
_aFacilitation made easy: _bPractical tips to Improve meetings and workshops |
||
| 250 | _a3rd ed. | ||
| 260 |
_aLondon: _bKogan Page Lim, _c2005 |
||
| 300 |
_ax, 166 p. : ill. ; 24 cm. _bBibliography and index included |
||
| 650 | _aGROUP FACILITATION | ||
| 650 | _aEmployees-Training of | ||
| 942 | _cBK | ||
| 999 |
_c2174 _d2174 |
||